Satellite Communication: (Record no. 192142)

MARC details
000 -LEADER
fixed length control field 00565nam a22001817a 4500
005 - DATE AND TIME OF LATEST TRANSACTION
control field 20220912155449.0
010 ## - LCCN (DPL NO)
LC control number ENG-135027
020 ## - INTERNATIONAL STANDARD BOOK NUMBER
International Standard Book Number 9780199452804
Terms of availability 580.00
035 ## - SYSTEM CONTROL NUMBER
System control number EN-118559
037 ## - SOURCE OF ACQUISITION
Source of stock number/acquisition DBAD/PUB
082 ## - DEWEY DECIMAL CLASSIFICATION NUMBER
Classification number 621.3825
100 ## - MAIN ENTRY--PERSONAL NAME
Personal name Mutagi, R.N.
245 ## - TITLE STATEMENT
Title Satellite Communication:
Remainder of title Principles and Applications/
Statement of responsibility, etc R.N. Mutagi
260 ## - PUBLICATION, DISTRIBUTION, ETC. (IMPRINT)
Place of publication, distribution, etc New Delhi
Name of publisher, distributor, etc Oxford University Press
Date of publication, distribution, etc 2016
270 ## - ADDRESS
Address YMCA Library Building, 1 Jai Singh Road
City New Delhi
Postal code 110001
300 ## - PHYSICAL DESCRIPTION
Extent 585p.
Dimensions 24cm(pbk)
942 ## - ADDED ENTRY ELEMENTS (KOHA)
Source of classification or shelving scheme Dewey Decimal Classification
Item type English Books
Classification part 621.3825
Call number suffix MUT
Holdings
Withdrawn status Lost status Not for loan Collection code Home library Current library Date acquired Source of acquisition Cost, normal purchase price Full call number Barcode Copy number Cost, replacement price Koha item type
      Non-fiction Shahdara Branch Shahdara Branch 12/09/2022 DBAD/PUB 580.00 621.3825 MUT EN-118559 1 580.00 English Books

© Delhi Public Library
Hit Counter
free hit counter